Statistics for Barcelona 1991/92 squad

Click here to take the quiz!

General Stats

  • This quiz has been taken 18 times
  • The average score is 6 of 21

Answer Stats

Shirt no.Player% Correct
4Ronald Koeman
100%
Johan Cruyff
83%
15Pep Guardiola
83%
1Andoni Zubizarreta
75%
8Hristo Stoichkov
67%
9Michael Laudrup
58%
6Guillermo Amor
33%
13Carles Busquets
25%
11Eusebio
25%
2Albert Ferrer
17%
20José Mari
17%
7Txiki Begiristain
17%
16Andoni Goikoetxea
8%
12José Alexanko
8%
5Juan Carlos
8%
10Julio Salinas
8%
18Cristóbal Parralo
0%
14Miguel Andal
0%
3Nando Muñoz
0%
17Ricardo Serna
0%
19Richard Witschge
0%

Score Distribution

Percentile by Number Answered

Percent of People with Each Score

Your Score History

You have not taken this quiz